Responses for Show #8613 - Wednesday, April 6, 2022

Mattea Roach game 2.

Contestants

[<< previous game]

Lana Altman, a digital programming manager from Southington, Connecticut

Vernon Ng, an associate professor of English from Tacoma, Washington

Mattea Roach, a tutor from Toronto, Ontario, Canada (whose 1-day cash winnings total $32,001)

[next game >>]

Jeopardy! Round responses

U.S. BODIES OF WATER
IT'S ALL RELATIVE
IN DESCRIBABLE
(Mayim: Responses are made up of letters found in the word "describable".)
TOMBSTONES
THE MAGNIFICENT SEVEN
WESTERNS
    $200 11
(Vernon: What is Lake Mead?)

the Great Salt Lake

MatteaVernon
    $200 16
Muhammad

Mattea
    $200 1
rice

Mattea
    $200 23
pi

Mattea
    $200 3
Rome

Mattea
    $200 21
The Good, the Bad and the Ugly

Mattea
    $400 12
Lake Michigan

Mattea
    $400 17
Ann Landers & Dear Abby (Abigail Van Buren)

Lana
    $400 2
Babel

Vernon
    $400 24
That's All Folks

Mattea
    $400 7
(Lana: What is Athens?)
(Vernon: What is Sparta?)

Thebes

VernonLana
Triple Stumper
    $400 22
a super-posse

Triple Stumper
    $600 13
Chesapeake Bay

Mattea
    $600 18
(Vernon: What is Peary?)

Henson

VernonLana
    $600 4
blab

Mattea
    $600 25
Jesse James

Lana
    $600 8
the Pleiades

Mattea
    $600 28
Idris Elba

Mattea
    $1,000 14
the Finger Lakes

Mattea
    $800 19
(Lana: Who is Mary?)

Anne Boleyn

MatteaLana
    $800 5
caliber

Triple Stumper
    $800 26
Muhammad Ali

Mattea
    $800 9
Seventh-day Adventists

Mattea
    $800 29
Stagecoach

Triple Stumper
    $1000 15
(Vernon: What is Texarkana?)
(Lana: What is Texahoma?)
[Mayim does not rule]
(Lana: [*]?)
(Mayim: Just in time.)

Texoma

VernonLana
    $1000 20
John Foster Dulles

Mattea
    $1000 6
debacle

Mattea
    $1000 27
(Ernest) Shackleton

Mattea
    $1000 10
Aconcagua

Mattea
    $1000 30
Jane Campion

Mattea

Scores at the first commercial break (after clue 15):

Mattea Vernon Lana
$6,600 -$1,200 $600

Scores at the end of the Jeopardy! Round:

Mattea Vernon Lana
$12,800 -$1,800 $1,400

Double Jeopardy! Round responses

PHYSIOLOGY
LANDMARK LEGISLATION
PARTS OF THE WHOLE
IN YOUR PREFACE
WOMEN IN MUSIC
"ON" THE DOUBLE
(Mayim: "O-N" appears twice in each response.)
    $400 26
stem cells

Mattea
    $400 21
a popular election

Mattea
    $400 16
a Swiss Army knife

Mattea
    $400 11
Ballads

Vernon
    $400 6
(Mayim: Correct, Naomi and Wynonna.)

The Judds

Lana
    $400 1
onions

Vernon
    $800 27
cartilage

Mattea
    $800 22
(Lana: What are liberal arts?)
(Vernon: What is trade?)
(Mattea: What is engineering?)

agriculture

MatteaVernonLana
Triple Stumper
    $800 17
a window

Mattea
    $800 12
Sir Walter Raleigh

Triple Stumper
    $800 7
Selena

Mattea
    $800 2
unconditional

Mattea
    $1200 28
(Mattea: What is cortisol?)

adrenaline

Mattea
Triple Stumper
    $1200 23
(Lana: What is trade?)

Commerce

MatteaLana
    $1200 18
a mosque

Mattea
    $1200 13
(Vernon: Who is Galileo?)

Copernicus

MatteaVernon
    $1200 8
Katharine McPhee

Lana
    $1200 3
a connection

Lana
    $1600 29
trachea

Triple Stumper
    $1600 24
the Transcontinental Railroad

Triple Stumper
    $1600 19
an umbrella

Lana
    $1600 14
(Lana: What is Song of Myself?)

Leaves of Grass

VernonLana
    $1600 9
Sheila E.

Vernon
    $1600 4
confirmation

Triple Stumper
    $1,000 30
(Mayim: And out of 60 clues, you have gotten 35 correct--very impressive.)

ball-and-socket

Mattea
    $5,000 25
the Civil Rights Act

Mattea
    $2000 20
a sitar

Vernon
    $2000 15
(John) Knox

Mattea
    $2000 10
Laura Nyro

Triple Stumper
    $2000 5
consumption

Mattea

Scores at the end of the Double Jeopardy! Round:

Mattea Vernon Lana
$28,800 $2,200 $2,200
(lock game)

[wagering suggestions for these scores]

Final Jeopardy! Round responses

SMALL COUNTRIES
[Lana's response was revealed first.]
(Mayim: [To Mattea] It's a principality on the Côte d'Azur,it borders France and Italy; the other half of the population are Monégasques, the people of [*].)
VernonWhat is Lichtenstein? ([heart] MB&B!)
$2,197
LanaWhat is Malta?
$2,199
MatteaWhat is Liechtenstei Monaco
$10,000
Monaco

Final scores:

Mattea Vernon Lana
$38,800 $3 $1
2-day champion: $70,801 2nd place: $2,000 3rd place: $1,000

Game dynamics:

Coryat scores:

Mattea Vernon Lana
$26,600 $2,200 $2,200
35 R
(including 3 DDs),
2 W
6 R,
6 W
8 R,
5 W

Combined Coryat: $31,000

[game clues] [game scores] [suggest correction]

Game tape date: 2022-01-27
The J! Archive is created by fans, for fans. Scraping, republication, monetization, and malicious use prohibited; this site may use cookies and collect identifying information. See terms. The Jeopardy! game show and all elements thereof, including but not limited to copyright and trademark thereto, are the property of Jeopardy Productions, Inc. and are protected under law. This website is not affiliated with, sponsored by, or operated by Jeopardy Productions, Inc. Join the discussion at JBoard.tv.